000 004560000a22001810004500
003 MACL
005 20150901151401.0
008 150901b xxu||||| |||| 00| 0 eng d
040 _aMACL
_cMACL
041 _aEnglish
082 _a800
100 _aKhan, Hazrat Inayat
_98086
245 _aIn An Eastern Rose Garden
_bvol 7
260 _bMotilal Banarsidass Publishers
_c1989
_aDelhi
350 _a110
650 _aLiterature
_98341
942 _cBK
_k800
_2ddc
999 _c8926
_d8926